Beluncas yang menakjubkan

Bibliographic Details
Main Author: Morris, Katherine
Format: Book
Published: Kuala Lumpur : Sharmah's Media , 1995
Series:Kisah hidupku
Subjects:

MARC

LEADER 00000cam a2200000 7i4500
001 0000008505
002 000009269
005 20000330.0
020 |a 9839223011 
090 0 0 |a JF   |b MOR 
100 1 |a Morris, Katherine 
245 1 0 |a Beluncas yang menakjubkan   |c Katherine Morris 
260 |a Kuala Lumpur :   |b Sharmah's Media ,   |c 1995 
300 |a p.v :   |b ill ;   |c 18cm. 
490 0 |a Kisah hidupku 
650 0 0 |a Children's stories 
999 |a 042474   |b BUKU   |c PINJAMAN   |e PERPUSTAKAAN KOMUNITI PETALING JAYA